History Quiz

Random History Quiz

Ships involved in the Battle of Badung Strait (1942) Quiz Stats

 Plays Quiz not verified by Sporcle

Score 0/22 Timer 05:00
0 Plays Today
Hint Answer % Correct
Japanese Convoy:Nagara
88.2%
ABDACOM:HNLMS Java
82.4%
Japanese Convoy:Asashio
82.4%
ABDACOM:USS Pillsbury
79.4%
ABDACOM:USS John D. Edwards
79.4%
Japanese Convoy:Oshio
79.4%
ABDACOM:HNLMS De Ruyter
76.5%
ABDACOM:HNLMS Tromp
76.5%
ABDACOM:HMS Truant
73.5%
ABDACOM:HNLMS Piet Hein
70.6%
ABDACOM:USS John D. Ford
67.6%
Hint Answer % Correct
Japanese Convoy:Michishio
67.6%
Japanese Convoy:Arashio
64.7%
Japanese Convoy:Hatsushimo
64.7%
Japanese Convoy:Wakaba
61.8%
ABDACOM:USS Seawolf
58.8%
ABDACOM:USS Parrott
52.9%
ABDACOM:USS Stewart
50%
ABDACOM:USS Pope
41.2%
Japanese Convoy:Sagami Maru
38.2%
Japanese Convoy:Nenohi
32.4%
Japanese Convoy:Sasago Maru
14.7%

You're not logged in!

Compare scores with friends on all Sporcle quizzes.
OR
Log In

Sporcle TV

Today on Sporcle TV


Watch our educational content, quiz creation guides, and fun videos on Sporcle TV.

Show Comments

Extras

Top Quizzes Today


Score Distribution

Your Account Isn't Verified!

In order to create a playlist on Sporcle, you need to verify the email address you used during registration. Go to your Sporcle Settings to finish the process.

Report this User

Report this user for behavior that violates our Community Guidelines.

Details: